| 000 | 00460nam a22001337a 4500 | ||
|---|---|---|---|
| 082 |
_a363.7284 _bUNI _cD |
||
| 110 |
_aUS environmental Protection Agency. _938158 |
||
| 245 |
_aProcess design manual, _bland treatment of municipal wastewater. _cU.S Environmental Protection Agecy. |
||
| 260 |
_aUSA : _bU.S Army Environmental Protection Agenecy. |
||
| 300 | _aVarious Pages | ||
| 526 |
_a0 _b0 _c0 _d363_728400000000000_UNI |
||
| 650 |
_aMCE _9379 |
||
| 942 |
_2ddc _cBK |
||
| 999 |
_c542808 _d542808 |
||